Ładuje się......
Braa braa bree bree /
| 1. autor: | |
|---|---|
| Format: | Printed Book |
| Język: | Malayalam |
| Wydane: |
National Book Stall ,
|
| Hasła przedmiotowe: |
| LEADER | 00513nam a2200157Ia 4500 | ||
|---|---|---|---|
| 008 | 150624b xxu||||| |||| 00| j mal d | ||
| 082 | |a 855.3K6 | ||
| 100 | |a Krishnankutty, Veloor | ||
| 245 | |c Veloor Krishnankutty |a Braa braa bree bree / | ||
| 260 | |b National Book Stall , | ||
| 300 | |a 113 p. | ||
| 546 | |a In Malayalam. | ||
| 650 | |v Short stories | ||
| 942 | |c BK | ||
| 999 | |c 76186 |d 76186 | ||
| 952 | |0 1 |1 0 |4 0 |6 855_000000000000000_3K6_BRA_M |7 0 |9 76130 |a UL |b UL |c ST1 |d 1998-08-28 |l 0 |o 855.3K6 BRA M |p 31678 |r 2012-10-27 |w 2012-10-27 |y BK | ||